Companies by Country - Statistics

General Stats
  • This quiz has been taken 70 times
  • The average score is 11 of 17
Answer Stats
Hint Answer % Correct
Volkswagen Germany
98%
IKEA Sweden
95%
Nintendo Japan
93%
Chanel France
86%
Lego Group Denmark
81%
Nestlé Switzerland
79%
Meta United States of America
79%
LG South Korea
76%
BP United Kingdom
72%
AliBaba China
64%
Nokia Finland
64%
Škoda Czech Republic
52%
De Beers South Africa
38%
Glock Austria
33%
Luxottica Italy
26%
ASUS Taiwan
22%
FN Herstal Belgium
12%
No matching quizzes found
Score Distribution
Percent of People with Each Score
Percentile by Number Answered
Your Score History
You have not taken this quiz